[Event "Titled Tuesday intern op 16th Apr Late"]
[Site "Chess.com INT"]
[Date "2024.04.16"]
[Round "3"]
[White "Handigol, Abhishek"]
[Black "Winkels, Marcel"]
[Result "1-0"]
[WhiteElo "1950"]
[BlackElo "1915"]
[PlyCount "97"]
[EventDate "2024.04.16"]
[EventType "swiss (blitz)"]
[EventRounds "11"]
[EventCountry "USA"]
[SourceTitle "CB17_2024"]
[SourceDate "2024.04.24"]
[SourceVersion "1"]
[SourceVersionDate "2024.04.24"]
[SourceQuality "1"]

1. d4 f5 2. Nc3 Nf6 3. g4 fxg4 4. e4 d6 5. Bg5 g6 6. e5 dxe5 7. dxe5 Nfd7 8. e6 Nb6 9. Qxd8+ Kxd8 10. 0-0-0+ Ke8 11. Nb5 Na6 12. Re1 c6 13. Nc3 Bg7 14. Bxa6 bxa6 15. h3 g3 16. fxg3 Bb7 17. Rh2 h6 18. Bf4 g5 19. Be5 Bxe5 20. Rxe5 Rf8 21. Rhe2 Rf1+ 22. Re1 Rxe1+ 23. Rxe1 c5 24. Ne4 Rd8 25. Nxc5 Bd5 26. Nxa6 Rc8 27. b3 Rc3 28. Ne2 Re3 29. Kd2 Re4 30. Nc7+ Kf8 31. Nxd5 Nxd5 32. c4 Nb4 33. a3 Nc6 34. Nc3 Rd4+ 35. Kc2 Rd6 36. Nb5 Nd4+ 37. Nxd4 Rxd4 38. Kc3 Rd6 39. c5 Rd5 40. b4 Kg7 41. c6 Rd8 42. a4 Kf6 43. b5 Rc8 44. a5 a6 45. Kb4 axb5 46. Kxb5 Rd8 47. c7 Rd5+ 48. Kb6 Rd6+ 49. Kb7 1-0

[Event "Titled Tuesday intern op 16th Apr Early"]
[Site "Chess.com INT"]
[Date "2024.04.16"]
[Round "1"]
[White "Krawczyk, Flawian"]
[Black "Winkels, Marcel"]
[Result "1-0"]
[WhiteElo "2315"]
[BlackElo "1915"]
[PlyCount "73"]
[EventDate "2024.04.16"]
[EventType "swiss (blitz)"]
[EventRounds "11"]
[EventCountry "USA"]
[SourceTitle "CB17_2024"]
[SourceDate "2024.04.24"]
[SourceVersion "1"]
[SourceVersionDate "2024.04.24"]
[SourceQuality "1"]

1. e3 d5 2. g3 e5 3. Bg2 Nf6 4. Ne2 Bd6 5. d4 e4 6. c4 c6 7. cxd5 c5 8. dxc5 Bxc5 9. Nbc3 0-0 10. 0-0 Bg4 11. Nxe4 Nxe4 12. Bxe4 Re8 13. Bg2 Nd7 14. h3 Bh5 15. Qd2 Nf6 16. Nf4 Bg6 17. Nxg6 hxg6 18. Qd3 Rc8 19. e4 Qb6 20. a3 a5 21. Bf4 Nh5 22. b4 axb4 23. axb4 Nxf4 24. bxc5 Nxd3 25. cxb6 Rc2 26. Rad1 Rc3 27. f4 Nc5 28. e5 Rxg3 29. Kh2 Rc3 30. d6 Nd7 31. Bxb7 Nxb6 32. Rf2 Nc4 33. Rd4 Rb8 34. Bg2 Ne3 35. Re2 Nf5 36. Rdd2 Rbb3 37. d7 1-0

[Event "Titled Tuesday intern op 16th Apr Early"]
[Site "Chess.com INT"]
[Date "2024.04.16"]
[Round "7"]
[White "Melillo, Lucius"]
[Black "Winkels, Marcel"]
[Result "1-0"]
[WhiteElo "2274"]
[BlackElo "1915"]
[PlyCount "83"]
[EventDate "2024.04.16"]
[EventType "swiss (blitz)"]
[EventRounds "11"]
[EventCountry "USA"]
[SourceTitle "CB17_2024"]
[SourceDate "2024.04.24"]
[SourceVersion "1"]
[SourceVersionDate "2024.04.24"]
[SourceQuality "1"]

1. d4 f5 2. Bg5 g6 3. e3 Bg7 4. c4 Nf6 5. Nc3 0-0 6. Bd3 d6 7. Nf3 Nc6 8. d5 Ne5 9. Nxe5 dxe5 10. e4 c6 11. dxc6 bxc6 12. c5 Qa5 13. Rc1 Rd8 14. b4 Qxb4 15. Bc4+ Qxc4 16. Qxd8+ Bf8 17. exf5 gxf5 18. Bxf6 exf6 19. Qxf6 Bg7 20. Qxc6 Rb8 21. Qd5+ Qxd5 22. Nxd5 Ba6 23. c6 Rd8 24. Ne7+ Kf7 25. c7 Kxe7 26. cxd8Q+ Kxd8 27. Rc5 Kd7 28. Ra5 Bb7 29. Rxa7 Kc6 30. Rxb7 Kxb7 31. 0-0 Ka6 32. Rd1 e4 33. Rd7 Be5 34. Rxh7 f4 35. h4 Bd4 36. Kf1 e3 37. fxe3 fxe3 38. Ke2 Bc5 39. h5 Kb5 40. g4 Bd4 41. Rd7 Be5 42. Rd5+ 1-0

[Event "Titled Tuesday intern op 16th Apr Early"]
[Site "Chess.com INT"]
[Date "2024.04.16"]
[Round "9"]
[White "Winkels, Marcel"]
[Black "Dovzik, Juri"]
[Result "1-0"]
[WhiteElo "1915"]
[BlackElo "2221"]
[PlyCount "29"]
[EventDate "2024.04.16"]
[EventType "swiss (blitz)"]
[EventRounds "11"]
[EventCountry "USA"]
[SourceTitle "CB17_2024"]
[SourceDate "2024.04.24"]
[SourceVersion "1"]
[SourceVersionDate "2024.04.24"]
[SourceQuality "1"]

1. e4 c6 2. d4 Na6 3. Nc3 Nc7 4. f4 d5 5. Nf3 Bg4 6. h3 Bxf3 7. Qxf3 e6 8. Bd3 Bb4 9. 0-0 Nf6 10. e5 Nd7 11. f5 0-0 12. f6 g6 13. Qf4 c5 14. Qh6 Re8 15. Qg7# 1-0

[Event "Titled Tuesday intern op 16th Apr Late"]
[Site "Chess.com INT"]
[Date "2024.04.16"]
[Round "11"]
[White "Winkels, Marcel"]
[Black "Wang, Alexander J"]
[Result "1-0"]
[WhiteElo "1915"]
[BlackElo "1911"]
[PlyCount "53"]
[EventDate "2024.04.16"]
[EventType "swiss (blitz)"]
[EventRounds "11"]
[EventCountry "USA"]
[SourceTitle "CB17_2024"]
[SourceDate "2024.04.24"]
[SourceVersion "1"]
[SourceVersionDate "2024.04.24"]
[SourceQuality "1"]

1. e4 c5 2. Nf3 d6 3. d4 cxd4 4. Nxd4 Nf6 5. Nc3 g6 6. Be3 Bg7 7. Be2 0-0 8. 0-0 Nc6 9. Nb3 Ne5 10. f4 Neg4 11. Bd4 e5 12. fxe5 dxe5 13. Bc5 Re8 14. Qxd8 Rxd8 15. h3 Nh6 16. g4 g5 17. Be3 Be6 18. Bxg5 Bxb3 19. axb3 Rd6 20. Be3 Nd7 21. Rfd1 Rxd1+ 22. Rxd1 Nb6 23. Nd5 Nxd5 24. Rxd5 Rc8 25. Bd3 f6 26. Rd7 Nf7 27. Bc4 1-0

[Event "Titled Tuesday intern op 16th Apr Early"]
[Site "Chess.com INT"]
[Date "2024.04.16"]
[Round "11"]
[White "Zaichenko, Daria"]
[Black "Winkels, Marcel"]
[Result "1-0"]
[WhiteElo "2104"]
[BlackElo "1915"]
[PlyCount "107"]
[EventDate "2024.04.16"]
[EventType "swiss (blitz)"]
[EventRounds "11"]
[EventCountry "USA"]
[SourceTitle "CB17_2024"]
[SourceDate "2024.04.24"]
[SourceVersion "1"]
[SourceVersionDate "2024.04.24"]
[SourceQuality "1"]

1. e4 c5 2. Nf3 d6 3. d3 Nc6 4. Nc3 g6 5. g3 Bg7 6. Bg2 e6 7. Be3 Nge7 8. Nd2 0-0 9. f4 Rb8 10. a4 a6 11. 0-0 b5 12. axb5 axb5 13. e5 Nd4 14. exd6 Qxd6 15. Nce4 Qc7 16. c3 Ndf5 17. Bxc5 Rd8 18. Ra7 Bb7 19. d4 Ne3 20. Qe2 Nxf1 21. Qxf1 Nd5 22. Qxb5 Ne3 23. Bf3 Bc6 24. Qa6 Rb7 25. Ra8 Rxa8 26. Qxa8+ Rb8 27. Qa2 Bf8 28. Bxf8 Kxf8 29. Qa6 Kg7 30. b4 Bb5 31. Qa3 Nc4 32. Qc1 Nxd2 33. Qxd2 Qc4 34. Nc5 Rd8 35. Bg2 Be8 36. Qd3 Qxd3 37. Nxd3 Rc8 38. Nc5 Bc6 39. Bxc6 Rxc6 40. c4 Kf8 41. b5 Rc8 42. b6 Ke7 43. Kf2 Kd6 44. Ke3 Kc6 45. b7 Rd8 46. Ke4 f6 47. Nxe6 Re8 48. d5+ Kxb7 49. c5 Ra8 50. d6 Ra4+ 51. Kd5 Ra1 52. c6+ Kb6 53. d7 Rd1+ 54. Nd4 1-0

[Event "Titled Tuesday intern op 02nd Apr Late"]
[Site "Chess.com INT"]
[Date "2024.04.02"]
[Round "1"]
[White "Flynn, Jacob"]
[Black "Winkels, Marcel"]
[Result "0-1"]
[WhiteElo "2184"]
[BlackElo "1915"]
[PlyCount "78"]
[EventDate "2024.04.02"]
[EventType "swiss (blitz)"]
[EventRounds "11"]
[EventCountry "USA"]
[SourceTitle "CB15_2024"]
[SourceDate "2024.04.10"]
[SourceVersion "1"]
[SourceVersionDate "2024.04.10"]
[SourceQuality "1"]

1. e4 Nf6 2. e5 Nd5 3. d4 d6 4. c4 Nb6 5. exd6 exd6 6. Nc3 Be7 7. Bd3 Nc6 8. Nge2 0-0 9. 0-0 Bg4 10. Qc2 Bf6 11. Bxh7+ Kh8 12. f3 Bd7 13. d5 Ne5 14. Bd3 g6 15. b3 Re8 16. Bb2 Nxd3 17. Qxd3 Bf5 18. Qd2 Nd7 19. Nd4 Ne5 20. Nxf5 gxf5 21. Qh6+ Kg8 22. f4 Bg7 23. Qh5 Nd3 24. Na4 Nxb2 25. Nxb2 Bxb2 26. Rab1 Bg7 27. Qxf5 Qf6 28. Qxf6 Bxf6 29. Kf2 Bd4+ 30. Kf3 Re3+ 31. Kg4 Kh7 32. g3 Re2 33. Rbe1 Rae8 34. Rd1 Bc5 35. h4 Rxa2 36. Kh5 Rg2 37. g4 Rg8 38. g5 Kg7 39. f5 Rh8# 0-1

[Event "Titled Tuesday intern op 02nd Apr Early"]
[Site "Chess.com INT"]
[Date "2024.04.02"]
[Round "3"]
[White "Garcia Molina, Jose"]
[Black "Winkels, Marcel"]
[Result "0-1"]
[WhiteElo "2220"]
[BlackElo "1915"]
[PlyCount "65"]
[EventDate "2024.04.02"]
[EventType "swiss (blitz)"]
[EventRounds "11"]
[EventCountry "USA"]
[SourceTitle "CB15_2024"]
[SourceDate "2024.04.10"]
[SourceVersion "1"]
[SourceVersionDate "2024.04.10"]
[SourceQuality "1"]

1. Nf3 Nf6 2. b3 g6 3. Bb2 Bg7 4. g3 c5 5. Bg2 0-0 6. c4 Nc6 7. 0-0 d5 8. cxd5 Nxd5 9. Bxg7 Kxg7 10. Qc2 Qd6 11. a3 Nd4 12. Nxd4 cxd4 13. e3 Nf6 14. e4 e5 15. d3 Be6 16. Nd2 Rac8 17. Qb2 Rc3 18. Nc4 Qc7 19. Rfc1 b5 20. Nd2 Rc8 21. Re1 Rc2 22. Qb1 Rxd2 23. Rc1 Rc2 24. Rxc2 Qxc2 25. Qe1 Qxb3 26. Rb1 Qa4 27. f4 a6 28. fxe5 Nd7 29. Rb4 Qxa3 30. Bf1 Qc3 31. Qb1 Nxe5 32. Rb2 Qc1 33. Qa2 0-1

[Event "Titled Tuesday intern op 02nd Apr Late"]
[Site "Chess.com INT"]
[Date "2024.04.02"]
[Round "6"]
[White "Winkels, Marcel"]
[Black "Korol, Dimitry"]
[Result "0-1"]
[WhiteElo "1915"]
[BlackElo "2287"]
[PlyCount "58"]
[EventDate "2024.04.02"]
[EventType "swiss (blitz)"]
[EventRounds "11"]
[EventCountry "USA"]
[SourceTitle "CB15_2024"]
[SourceDate "2024.04.10"]
[SourceVersion "1"]
[SourceVersionDate "2024.04.10"]
[SourceQuality "1"]

1. d4 Nf6 2. Bf4 c5 3. d5 Qb6 4. Nc3 Qxb2 5. Bd2 Qb6 6. Rb1 Qd8 7. e4 d6 8. f4 g6 9. Nf3 Bg7 10. Bc4 0-0 11. 0-0 Nbd7 12. e5 Ne8 13. e6 fxe6 14. Ng5 Nb6 15. Bb3 c4 16. Ba4 exd5 17. Re1 d4 18. Bxe8 dxc3 19. Be3 Rxe8 20. Bd4 e6 21. Bxg7 Kxg7 22. Qd4+ e5 23. Qxc3 Qf6 24. Ne4 Qxf4 25. Nxd6 Re6 26. Ne4 Bd7 27. Nc5 Re7 28. Rbd1 Bc6 29. Rd6 Rf8 0-1

[Event "Titled Tuesday intern op 02nd Apr Early"]
[Site "Chess.com INT"]
[Date "2024.04.02"]
[Round "2"]
[White "Winkels, Marcel"]
[Black "Shevchuk, Olexandr"]
[Result "0-1"]
[WhiteElo "1915"]
[BlackElo "2093"]
[PlyCount "94"]
[EventDate "2024.04.02"]
[EventType "swiss (blitz)"]
[EventRounds "11"]
[EventCountry "USA"]
[SourceTitle "CB15_2024"]
[SourceDate "2024.04.10"]
[SourceVersion "1"]
[SourceVersionDate "2024.04.10"]
[SourceQuality "1"]

1. e4 c5 2. Nf3 e6 3. d4 cxd4 4. Nxd4 Nc6 5. Nc3 Qc7 6. Be2 Nf6 7. Be3 a6 8. 0-0 Be7 9. f4 d6 10. Kh1 0-0 11. Qe1 Nxd4 12. Bxd4 e5 13. fxe5 dxe5 14. Qg3 Bd8 15. Bxe5 Qc6 16. Nd5 Ne8 17. Bd3 Be6 18. Ne3 Rc8 19. Nf5 Bxf5 20. Rxf5 Bc7 21. Raf1 Bxe5 22. Qxe5 Qd6 23. Qf4 Qxf4 24. R5xf4 Rc5 25. b3 Nd6 26. Rh4 b5 27. e5 Rxe5 28. Bxh7+ Kh8 29. Bd3+ Kg8 30. h3 g6 31. Rg4 Kg7 32. Kh2 a5 33. Rgf4 b4 34. a3 Rb8 35. axb4 axb4 36. Rd4 Rb6 37. Bc4 f5 38. Rfd1 Ne4 39. Rd7+ Kh6 40. h4 Nc3 41. R1d6 Rxd6 42. Rxd6 Kh5 43. Kh3 Re3+ 44. g3 f4 45. Rd5+ Nxd5 46. Bxd5 Rxg3+ 47. Kh2 Kxh4 0-1

[Event "Titled Tuesday intern op 02nd Apr Early"]
[Site "Chess.com INT"]
[Date "2024.04.02"]
[Round "8"]
[White "Winkels, Marcel"]
[Black "Tarnowska, Aleksandra"]
[Result "0-1"]
[WhiteElo "1915"]
[BlackElo "1876"]
[PlyCount "88"]
[EventDate "2024.04.02"]
[EventType "swiss (blitz)"]
[EventRounds "11"]
[EventCountry "USA"]
[SourceTitle "CB15_2024"]
[SourceDate "2024.04.10"]
[SourceVersion "1"]
[SourceVersionDate "2024.04.10"]
[SourceQuality "1"]

1. e4 c5 2. Nf3 e6 3. d4 cxd4 4. Nxd4 a6 5. g3 Qc7 6. Bg2 d6 7. 0-0 Nf6 8. Nc3 Be7 9. Re1 0-0 10. Be3 Nc6 11. f4 Rd8 12. h3 Bf8 13. Nxc6 bxc6 14. g4 Bb7 15. g5 Ne8 16. f5 e5 17. Qg4 f6 18. Kh1 d5 19. Bf2 Be7 20. h4 Rd7 21. Bf3 Rad8 22. Rg1 dxe4 23. Nxe4 c5 24. gxf6 Bxf6 25. Nxc5 Bxf3+ 26. Qxf3 Rd2 27. Qg3 Qc6+ 28. Rg2 Rxc2 29. Qb3+ Rd5 30. Qxc2 h6 31. Rc1 Qb5 32. Ne4 Qb4 33. Qc8 Rd8 34. Qc4+ Qxc4 35. Rxc4 Rd1+ 36. Kh2 Kh7 37. Bg3 Rb1 38. b3 h5 39. Ra4 a5 40. Rxa5 Rd1 41. Nxf6+ Nxf6 42. Bxe5 Ng4+ 43. Kg3 Rd3+ 44. Kf4 Rd1 0-1

[Event "Titled Tuesday intern op 12th Mar Late"]
[Site "Chess.com INT"]
[Date "2024.03.12"]
[Round "7"]
[White "Diaz, Fernando"]
[Black "Winkels, Marcel"]
[Result "1-0"]
[WhiteElo "2086"]
[BlackElo "1945"]
[PlyCount "91"]
[EventDate "2024.03.12"]
[EventType "swiss (blitz)"]
[EventRounds "11"]
[EventCountry "USA"]
[SourceTitle "CB12_2024"]
[SourceDate "2023.10.01"]
[SourceVersion "1"]
[SourceVersionDate "2023.10.01"]
[SourceQuality "1"]

1. e4 d6 2. d4 Nf6 3. Nc3 e5 4. Bg5 Nbd7 5. Nf3 Be7 6. Bc4 0-0 7. dxe5 dxe5 8. Qd2 c6 9. 0-0-0 b5 10. Bb3 b4 11. Na4 Nxe4 12. Bxe7 Qxe7 13. Qe3 Nef6 14. Rhe1 h6 15. h3 Re8 16. Kb1 Ba6 17. Nh4 Bb5 18. Nf5 Qf8 19. Qg3 Kh7 20. Nd6 Red8 21. Nxf7 Bxa4 22. Nxd8 Bxb3 23. Nxc6 Bg8 24. Nxe5 Nxe5 25. Qxe5 Qf7 26. Qa5 Rb8 27. Rd6 Nd5 28. Rd1 Nf6 29. f3 Qg6 30. g4 Rc8 31. Rc1 Qf7 32. f4 Nd5 33. f5 Ne3 34. b3 Qe7 35. Qxb4 Nd5 36. Qa3 Nc3+ 37. Ka1 Rd8 38. Rxh6+ Kxh6 39. Qxe7 Rc8 40. Qe3+ Kh7 41. g5 Bd5 42. g6+ Kg8 43. h4 a5 44. h5 a4 45. h6 axb3 46. cxb3 1-0

[Event "Titled Tuesday intern op 12th Mar Late"]
[Site "Chess.com INT"]
[Date "2024.03.12"]
[Round "3"]
[White "Heydarli, Kanan Beyukkishi Og"]
[Black "Winkels, Marcel"]
[Result "1-0"]
[WhiteElo "2224"]
[BlackElo "1945"]
[PlyCount "55"]
[EventDate "2024.03.12"]
[EventType "swiss (blitz)"]
[EventRounds "11"]
[EventCountry "USA"]
[SourceTitle "CB12_2024"]
[SourceDate "2023.10.01"]
[SourceVersion "1"]
[SourceVersionDate "2023.10.01"]
[SourceQuality "1"]

1. d4 Nf6 2. Nf3 g6 3. b3 Bg7 4. Bb2 c5 5. dxc5 Na6 6. Nbd2 Nxc5 7. e3 0-0 8. Be2 d6 9. 0-0 Bf5 10. Nd4 Bd7 11. Bf3 Qc7 12. c4 a6 13. Qe2 Ne6 14. Rac1 Nxd4 15. exd4 Bf5 16. Rfe1 Rfe8 17. h3 h5 18. Ne4 Nxe4 19. Bxe4 Bxe4 20. Qxe4 e5 21. dxe5 dxe5 22. Rcd1 f5 23. Qd5+ Qf7 24. Qc5 e4 25. Bxg7 Qxg7 26. Rd6 Rad8 27. Qd5+ Kh7 28. Rxd8 1-0

[Event "Titled Tuesday intern op 12th Mar Late"]
[Site "Chess.com INT"]
[Date "2024.03.12"]
[Round "10"]
[White "Martine, Jean Christophe"]
[Black "Winkels, Marcel"]
[Result "1-0"]
[WhiteElo "1998"]
[BlackElo "1945"]
[PlyCount "83"]
[EventDate "2024.03.12"]
[EventType "swiss (blitz)"]
[EventRounds "11"]
[EventCountry "USA"]
[SourceTitle "CB12_2024"]
[SourceDate "2023.10.01"]
[SourceVersion "1"]
[SourceVersionDate "2023.10.01"]
[SourceQuality "1"]

1. d4 d6 2. Nf3 Nf6 3. Nbd2 g6 4. e4 Bg7 5. Bd3 0-0 6. 0-0 Nbd7 7. Re1 e5 8. c3 c6 9. Nf1 b5 10. Ng3 Rb8 11. h3 Qc7 12. Be3 Nb6 13. b3 a6 14. Qd2 c5 15. d5 c4 16. Bc2 cxb3 17. axb3 Bb7 18. Rac1 Rbc8 19. Bd3 Nbd7 20. Bh6 Nc5 21. Bc2 Rfe8 22. Bxg7 Kxg7 23. Qg5 Qd8 24. Nf5+ Kh8 25. Nh6 Kg7 26. Nh4 Nh5 27. N6f5+ Kg8 28. Nh6+ Kg7 29. N4f5+ Kf8 30. Qg4 Qf6 31. Re3 gxf5 32. Qxh5 f4 33. Rf3 Qg6 34. Qh4 Rc7 35. g3 Bc8 36. Kh2 Nxe4 37. gxf4 f5 38. Rg1 Qf6 39. Rg8+ Ke7 40. Rg7+ Kd8 41. Qxf6+ Nxf6 42. Nf7+ 1-0

[Event "Titled Tuesday intern op 12th Mar Early"]
[Site "Chess.com INT"]
[Date "2024.03.12"]
[Round "2"]
[White "Perossa, Nicolas"]
[Black "Winkels, Marcel"]
[Result "1-0"]
[WhiteElo "2266"]
[BlackElo "1945"]
[PlyCount "109"]
[EventDate "2024.03.12"]
[EventType "swiss (blitz)"]
[EventRounds "11"]
[EventCountry "USA"]
[SourceTitle "CB12_2024"]
[SourceDate "2023.10.01"]
[SourceVersion "1"]
[SourceVersionDate "2023.10.01"]
[SourceQuality "1"]

1. c3 Nf6 2. g3 g6 3. Bg2 Bg7 4. e4 0-0 5. d4 d6 6. Ne2 Nc6 7. 0-0 e5 8. d5 Ne7 9. c4 Nd7 10. Nbc3 f5 11. b4 h6 12. a4 g5 13. f3 Nf6 14. Be3 f4 15. Bf2 h5 16. gxf4 gxf4 17. Kh1 Ng6 18. Rg1 Kh7 19. Qf1 Ng8 20. Bh3 Nh6 21. Rc1 Nf7 22. Bxc8 Rxc8 23. Qh3 Kh6 24. Rxg6+ Kxg6 25. Rg1+ Ng5 26. Qg2 Bf6 27. h4 Rg8 28. hxg5 Bxg5 29. Qh3 Qf6 30. Bh4 Kh6 31. Bxg5+ Rxg5 32. Rxg5 Qxg5 33. Qxc8 Qh4+ 34. Kg2 Qg5+ 35. Kf1 h4 36. Qh3 Qh5 37. Kf2 Qg5 38. Ng1 a6 39. Nce2 Kh7 40. Qf5+ Qxf5 41. exf5 Kh6 42. Nh3 Kg7 43. Nc3 Kf6 44. Ne4+ Kxf5 45. c5 dxc5 46. bxc5 b5 47. axb5 axb5 48. d6 cxd6 49. Nxd6+ Ke6 50. Nxb5 Kd5 51. Nc3+ Kc6 52. Ne4 Kd5 53. Kg2 Ke6 54. Nhg5+ Kf5 55. Kh3 1-0

[Event "Titled Tuesday intern op 12th Mar Early"]
[Site "Chess.com INT"]
[Date "2024.03.12"]
[Round "1"]
[White "Raicevic, Vladimir"]
[Black "Winkels, Marcel"]
[Result "1-0"]
[WhiteElo "2372"]
[BlackElo "1945"]
[PlyCount "25"]
[EventDate "2024.03.12"]
[EventType "swiss (blitz)"]
[EventRounds "11"]
[EventCountry "USA"]
[SourceTitle "CB12_2024"]
[SourceDate "2023.10.01"]
[SourceVersion "1"]
[SourceVersionDate "2023.10.01"]
[SourceQuality "1"]

1. d4 Nf6 2. c4 g6 3. Nc3 d5 4. cxd5 Nxd5 5. e4 Nxc3 6. bxc3 Bg7 7. Be3 c5 8. Qd2 Qa5 9. Rc1 Nd7 10. d5 0-0 11. Nf3 f5 12. c4 fxe4 13. Qxa5 1-0

[Event "Titled Tuesday intern op 27th Feb Late"]
[Site "Chess.com INT"]
[Date "2024.02.27"]
[Round "5"]
[White "Martin Barcelo, Carles"]
[Black "Winkels, Marcel"]
[Result "1/2-1/2"]
[WhiteElo "2241"]
[BlackElo "1896"]
[PlyCount "123"]
[EventDate "2024.02.27"]
[EventType "swiss (blitz)"]
[EventRounds "11"]
[EventCountry "USA"]
[SourceTitle "CB10_2024"]
[SourceDate "2024.03.06"]
[SourceVersion "1"]
[SourceVersionDate "2024.03.06"]
[SourceQuality "1"]

1. d4 Nf6 2. Nf3 g6 3. g3 Bg7 4. Bg2 d5 5. 0-0 0-0 6. b3 a5 7. a4 Na6 8. Bb2 Bf5 9. Nbd2 Nb4 10. Ne1 Rc8 11. Nd3 Ne4 12. Nxb4 axb4 13. Nxe4 dxe4 14. e3 c5 15. Qd2 cxd4 16. Bxd4 Bxd4 17. exd4 Qd6 18. Rfe1 Rc3 19. Re3 Rfc8 20. Rxc3 Rxc3 21. Re1 e3 22. Rxe3 Rxc2 23. Qe1 Qxd4 24. Rxe7 Qc3 25. Qxc3 bxc3 26. g4 Rc1+ 27. Bf1 Bd3 28. Rxb7 Rxf1+ 29. Kg2 c2 30. Rc7 c1Q 31. Rxc1 Rxc1 32. Kf3 Rb1 33. Ke3 Rxb3 34. Kd4 Bc2 35. Kc4 Bd1 36. a5 Rb8 37. Kc5 Kg7 38. a6 Be2 39. a7 Ra8 40. Kb6 Rxa7 41. Kxa7 Bxg4 42. Kb6 f5 43. Kc5 Kf6 44. Kd4 Kg5 45. Ke3 Kh4 46. Kf4 Kh3 47. Kg5 Kxh2 48. Kh6 Kg2 49. Kxh7 Kxf2 50. Kxg6 f4 51. Kg5 f3 52. Kf4 Kg2 53. Kg5 f2 54. Kh4 f1Q 55. Kg5 Qf5+ 56. Kh6 Qh5+ 57. Kg7 Be2 58. Kf6 Kf3 59. Ke7 Qg6 60. Kd7 Ke4 61. Kc7 Kd5 62. Kb7 1/2-1/2

[Event "Titled Tuesday intern op 27th Feb Late"]
[Site "Chess.com INT"]
[Date "2024.02.27"]
[Round "8"]
[White "Winkels, Marcel"]
[Black "Quirke, Jeffrey"]
[Result "1-0"]
[WhiteElo "1896"]
[BlackElo "1986"]
[PlyCount "33"]
[EventDate "2024.02.27"]
[EventType "swiss (blitz)"]
[EventRounds "11"]
[EventCountry "USA"]
[SourceTitle "CB10_2024"]
[SourceDate "2024.03.06"]
[SourceVersion "1"]
[SourceVersionDate "2024.03.06"]
[SourceQuality "1"]

1. e4 d6 2. d4 Nf6 3. Nc3 e5 4. Nf3 Nbd7 5. g4 Nxg4 6. Rg1 Ngf6 7. Be3 h6 8. Qd2 g6 9. 0-0-0 Bg7 10. Bc4 c6 11. Bb3 Qe7 12. dxe5 dxe5 13. Kb1 Nb6 14. Bc5 Qd7 15. Qe3 Qh3 16. Nxe5 Qxe3 17. Bxf7# 1-0

[Event "Titled Tuesday intern op 27th Feb Late"]
[Site "Chess.com INT"]
[Date "2024.02.27"]
[Round "3"]
[White "Winkels, Marcel"]
[Black "Vargas, Mauricio"]
[Result "1-0"]
[WhiteElo "1896"]
[BlackElo "1957"]
[PlyCount "47"]
[EventDate "2024.02.27"]
[EventType "swiss (blitz)"]
[EventRounds "11"]
[EventCountry "USA"]
[SourceTitle "CB10_2024"]
[SourceDate "2024.03.06"]
[SourceVersion "1"]
[SourceVersionDate "2024.03.06"]
[SourceQuality "1"]

1. e4 c5 2. d4 cxd4 3. c3 dxc3 4. Nxc3 Nc6 5. Nf3 g6 6. Bc4 Bg7 7. 0-0 Nf6 8. Qe2 0-0 9. Bg5 d6 10. Rfd1 Bg4 11. h3 Bxf3 12. Qxf3 Ne5 13. Qe2 Nxc4 14. Qxc4 Rc8 15. Qe2 Qb6 16. Bxf6 Bxf6 17. Nd5 Qxb2 18. Qf3 Qxa1 19. Rxa1 Bxa1 20. Nxe7+ Kh8 21. Nxc8 Rxc8 22. Qxf7 Be5 23. g3 Rc1+ 24. Kg2 1-0

[Event "Titled Tuesday intern op 13th Feb Late"]
[Site "Chess.com INT"]
[Date "2024.02.13"]
[Round "3"]
[White "Mesa Cruz, Juan Carlos"]
[Black "Winkels, Marcel"]
[Result "1-0"]
[WhiteElo "2126"]
[BlackElo "1896"]
[PlyCount "55"]
[EventDate "2024.02.13"]
[EventType "swiss (blitz)"]
[EventRounds "11"]
[EventCountry "USA"]
[SourceTitle "CB08_2024"]
[SourceDate "2024.02.21"]
[SourceVersion "1"]
[SourceVersionDate "2024.02.21"]
[SourceQuality "1"]

1. e4 c5 2. Nc3 d6 3. g3 Nc6 4. Bg2 g6 5. Nge2 Bg7 6. d3 e6 7. h3 Nge7 8. 0-0 0-0 9. f4 Rb8 10. g4 f5 11. Be3 Nd4 12. Qd2 b5 13. Nd1 b4 14. c3 bxc3 15. bxc3 Nxe2+ 16. Qxe2 Ba6 17. exf5 exf5 18. Rc1 Bb7 19. Bf2 Bxg2 20. Kxg2 Qd7 21. Bh4 Nd5 22. Qf3 Qb7 23. a3 Rfe8 24. Kg1 Re6 25. Rf2 Qb3 26. Rb2 Qxb2 27. Nxb2 Rxb2 28. Qxd5 1-0

[Event "Titled Tuesday intern op 13th Feb Late"]
[Site "Chess.com INT"]
[Date "2024.02.13"]
[Round "8"]
[White "Novikova, Margarita"]
[Black "Winkels, Marcel"]
[Result "1-0"]
[WhiteElo "1999"]
[BlackElo "1896"]
[PlyCount "89"]
[EventDate "2024.02.13"]
[EventType "swiss (blitz)"]
[EventRounds "11"]
[EventCountry "USA"]
[SourceTitle "CB08_2024"]
[SourceDate "2024.02.21"]
[SourceVersion "1"]
[SourceVersionDate "2024.02.21"]
[SourceQuality "1"]

1. e4 Nf6 2. e5 Nd5 3. d4 d6 4. Nf3 g6 5. c4 Nb6 6. exd6 cxd6 7. Nc3 Bg7 8. b3 0-0 9. Be2 Nc6 10. Be3 Bg4 11. h3 Bxf3 12. Bxf3 e5 13. d5 Ne7 14. Qc2 f5 15. Be2 f4 16. Bxb6 Qxb6 17. 0-0 Nf5 18. Bg4 Nd4 19. Qd2 f3 20. g3 Rae8 21. h4 e4 22. Rae1 e3 23. Rxe3 Ne2+ 24. Nxe2 Rxe3 25. Qxe3 Qxe3 26. fxe3 fxe2 27. Bxe2 Re8 28. Rf3 Bh6 29. Kf2 Kg7 30. Bd3 b6 31. e4 a5 32. g4 Kg8 33. g5 Bg7 34. Bc2 Bd4+ 35. Ke2 Kg7 36. Kd3 Bc5 37. Rf1 Re7 38. Bd1 Rf7 39. Bf3 Rf4 40. h5 gxh5 41. Ke2 h4 42. Rh1 Bd4 43. Rh3 Be5 44. a3 Kg6 45. b4 1-0

[Event "Titled Tuesday intern op 13th Feb Late"]
[Site "Chess.com INT"]
[Date "2024.02.13"]
[Round "4"]
[White "Winkels, Marcel"]
[Black "Blackburn, Jonathan LB"]
[Result "0-1"]
[WhiteElo "1896"]
[BlackElo "2178"]
[PlyCount "58"]
[EventDate "2024.02.13"]
[EventType "swiss (blitz)"]
[EventRounds "11"]
[EventCountry "USA"]
[SourceTitle "CB08_2024"]
[SourceDate "2024.02.21"]
[SourceVersion "1"]
[SourceVersionDate "2024.02.21"]
[SourceQuality "1"]

1. e4 d5 2. exd5 Qxd5 3. Nc3 Qa5 4. d4 Nf6 5. Bd2 c6 6. Nf3 Bg4 7. h3 Bxf3 8. Qxf3 Qb6 9. 0-0-0 e6 10. Bg5 Nbd7 11. Bc4 Bb4 12. Ne4 Be7 13. Rhe1 0-0 14. g4 Qb4 15. Bd3 Qa5 16. Kb1 Rad8 17. h4 Rfe8 18. Bd2 Qb6 19. g5 Nd5 20. c3 Ba3 21. Bc1 c5 22. Nxc5 Nxc3+ 23. Ka1 Nxd1 24. Nxd7 Bxb2+ 25. Kb1 Rxd7 26. Qxd1 Bxc1+ 27. Kxc1 Rc8+ 28. Bc2 Rxd4 29. Qe2 Rdc4 0-1